[Event "ROM-ch U14"]
[Site "Calimanesti"]
[Date "2015.04.06"]
[Round "9"]
[White "Nechifor, Catalin"]
[Black "Dobra, Robert Cristian"]
[Result "1/2-1/2"]
[WhiteElo "1099"]
[BlackElo "1121"]
[PlyCount "35"]
[EventDate "2015.03.30"]
[EventType "swiss"]
[EventRounds "9"]
[EventCountry "ROU"]
[SourceTitle "EXT 2016"]
[Source "ChessBase"]
[SourceDate "2015.10.08"]
[SourceVersion "1"]
[SourceVersionDate "2015.10.08"]
[SourceQuality "1"]

1. e4 e5 2. Nf3 Nc6 3. Bc4 Bc5 4. c3 d6 5. d4 Bb6 6. dxe5 dxe5 7. Qxd8+ Nxd8 8. Nxe5 Nf6 9. Nd2 0-0 10. 0-0 Re8 11. Nef3 Nxe4 12. Nxe4 Rxe4 13. Bd3 Re7 14. Bd2 Nc6 15. Rfe1 Be6 16. Ng5 g6 17. Nxe6 fxe6 18. Bh6 1/2-1/2

[Event "ROM-ch U14"]
[Site "Calimanesti"]
[Date "2015.04.02"]
[Round "5"]
[White "Butusina, Samuel"]
[Black "Nechifor, Catalin"]
[Result "1-0"]
[WhiteElo "1271"]
[BlackElo "1099"]
[PlyCount "95"]
[EventDate "2015.03.30"]
[EventType "swiss"]
[EventRounds "9"]
[EventCountry "ROU"]
[SourceTitle "CBM 165 Extra"]
[Source "ChessBase"]
[SourceDate "2015.04.21"]
[SourceVersion "1"]
[SourceVersionDate "2015.04.21"]
[SourceQuality "1"]

1. d4 d5 2. c4 e6 3. cxd5 exd5 4. Bf4 Nf6 5. e3 Be7 6. Bd3 0-0 7. Nc3 Be6 8. Nf3 Nbd7 9. 0-0 Rc8 10. Qc2 b6 11. Ng5 h6 12. Nxe6 fxe6 13. Ba6 Rb8 14. Qg6 Qe8 15. Qxe8 Nxe8 16. Bd3 Bd6 17. Bxd6 Nxd6 18. Nb5 Nxb5 19. Bxb5 Rfd8 20. Rfc1 Rbc8 21. Ba6 Ra8 22. Rxc7 Nf6 23. Rac1 Ne4 24. Re7 Re8 25. Rcc7 Rxe7 26. Rxe7 Rd8 27. Rxe6 Rd7 28. Rc6 Rd6 29. Rxd6 Nxd6 30. Kf1 Kf7 31. Ke2 Ke6 32. Bd3 a5 33. Kf3 g5 34. a4 Kf6 35. b3 h5 36. h3 Kg7 37. e4 dxe4+ 38. Bxe4 g4+ 39. hxg4 hxg4+ 40. Kf4 g3 41. f3 Nxe4 42. fxe4 Kf7 43. Kf5 Ke7 44. e5 Kd7 45. d5 Ke7 46. Kg6 Kd7 47. Kf7 Kd8 48. e6 1-0

[Event "ROM-ch U14"]
[Site "Calimanesti"]
[Date "2015.04.01"]
[Round "3"]
[White "Miloi, Pavel Dan"]
[Black "Nechifor, Catalin"]
[Result "1/2-1/2"]
[WhiteElo "1547"]
[BlackElo "1099"]
[PlyCount "74"]
[EventDate "2015.03.30"]
[EventType "swiss"]
[EventRounds "9"]
[EventCountry "ROU"]
[SourceTitle "CBM 165 Extra"]
[Source "ChessBase"]
[SourceDate "2015.04.21"]
[SourceVersion "1"]
[SourceVersionDate "2015.04.21"]
[SourceQuality "1"]

1. e4 e5 2. Nf3 Nc6 3. Bc4 Bc5 4. d3 Nf6 5. Bb3 0-0 6. c3 d6 7. h3 Bd7 8. Nbd2 Re8 9. Nf1 h6 10. Ng3 Qe7 11. 0-0 Rad8 12. Qe2 Be6 13. Be3 d5 14. Rad1 dxe4 15. dxe4 Bxb3 16. axb3 Bxe3 17. Qxe3 Rxd1 18. Rxd1 Rd8 19. Qe2 Rxd1+ 20. Qxd1 Qd6 21. Qxd6 cxd6 22. Nd2 b5 23. Nf5 Ne8 24. Kf1 f6 25. Ke2 Kf7 26. Kd3 a5 27. Nf1 Ne7 28. Nxe7 Kxe7 29. Ne3 Ke6 30. c4 b4 31. Nf5 h5 32. Ne3 Nc7 33. f3 g6 34. Nf1 Na6 35. Nd2 Nc5+ 36. Ke3 f5 37. g3 fxe4 1/2-1/2